HANDBOOK OF CHEESE (Record no. 229415)

MARC details
000 -LEADER
fixed length control field 00380pam a2200169 a 4500
020 ## - INTERNATIONAL STANDARD BOOK NUMBER
International Standard Book Number 1-84202-183-4
Terms of availability
041 ## - LANGUAGE CODE
Language code of original
082 ## - DEWEY DECIMAL CLASSIFICATION NUMBER
Classification number 641.3/73
100 ## - MAIN ENTRY--PERSONAL NAME
Personal name HACHETTE
Relator term Author
245 ## - TITLE STATEMENT
Title HANDBOOK OF CHEESE
Statement of responsibility, etc. HACHETTE
Medium Textual Documents
250 ## - EDITION STATEMENT
Edition statement 1st
260 ## - PUBLICATION, DISTRIBUTION, ETC.
Place of publication, distribution, etc. London
Name of publisher, distributor, etc. OCTOPUS
300 ## - PHYSICAL DESCRIPTION
Extent 213
653 ## - INDEX TERM--UNCONTROLLED
Uncontrolled term food production
700 ## - ADDED ENTRY--PERSONAL NAME
Relator term Co-Author
930 ## - EQUIVALENCE OR CROSS-REFERENCE-UNIFORM TITLE HEADING [LOCAL, CANADA]
Uniform title 2014
Holdings
Withdrawn status Lost status Damaged status Not for loan Collection Home library Current library Date acquired Source of acquisition Cost, normal purchase price Total Checkouts Full call number Barcode Date last seen Copy number Price effective from Koha item type
          Institute of Hotel Management & Catering Technology, Pune Institute of Hotel Management & Catering Technology, Pune 06/07/2006 Word book shop camp,Pune 1161.30   641.3/73 HMP-T-122 07/03/2023 1 07/03/2023 Book